Fábulas de la Fontaíne / (Registro nro. 12478)

Detalles MARC
000 -LIDER
fixed length control field 00760nam a22002777a 4500
001 - NÚMERO DE CONTROL
Identificador de número de control 001160
003 - IDENTIFICACDOR DE NÚMERO DE CONTROL
control field DO-SdBNP
005 - DATE AND TIME OF LATEST TRANSACTION
control field 20180222114057.0
007 - CAMPOS FIJOS DE DESCRIPCIÓN FÍSICA
fixed length control field 001160
008 - ELEMENTOS DE LONGITUD FIJA
fixed length control field 160818b 1989 mx a ||| |||| 00| 0 spa d
020 ## - ISBN
International Standard Book Number 9688471607
020 ## - ISBN
International Standard Book Number 9688471674 (v. 1)
040 ## - FUENTE DE CATALOGACIÓN
Agencia que crea de manera original el registro BPMSU
Idioma de catalogación spa
Agencia que realiza la transcripción BPMSU
092 ## - LOCALLY ASSIGNED DEWEY DECIMAL CALL NUMBER
Número de clasificación
Número de ítem (Cutter)
100 ## - ASIENTO PRINCIPAL -- NOMBRE PERSONAL
Nombre personal Fontaine de la, Jean
245 04 - MENCIÓN DE TITULO
Título Fábulas de la Fontaíne /
Subtítulo
Mención de responsabilidad Jean de la Fontaíne
260 ## - PUBLICACIÓN, DISTRIBUCIÓN, ETC. (PIE DE IMPRENTA)
Lugar de publicación, distribución, etc México :
Nombre del editor, distribuidor, etc. Origen,
Fecha de publicación, distribución, etc 1989.
Fecha de impresión (2a. reimpresión del 1991)
300 ## - DESCRIPCIÓN FÍSICA
Extensión v. :
Otros detalles físicos il. ;
Dimensiones 23 cm.
490 0# - MENCIÓN DE SERIES
Mención de serie Cuentos y fábulas
490 1# - MENCIÓN DE SERIES
Mención de serie
Volume/sequential designation
830 #0 - ASIENTO SECUNDARIO DE SERIE--TÍTULO UNIFORME
Título uniforme Cuentos y fábulas
830 #0 - ASIENTO SECUNDARIO DE SERIE--TÍTULO UNIFORME
Título uniforme
Número de la parte o sección de una obra
942 ## - ADDED ENTRY ELEMENTS (KOHA)
Source of classification or shelving scheme Dewey Decimal Classification
Koha item type Libros
945 ## - INFORMACIÓN DE PROCESAMIENTO LOCAL
Información de procesamiento local Inventariado, 2018/ YL
956 ## - LOCAL ELECTRONIC LOCATION AND ACCESS (OCLC)
Nombre de host VMATEO
Número de acceso 10
Información de compresión 20170116
Trayectoria BPMSU
Método de acceso 0069
Existencias
Withdrawn status Lost status Source of classification or shelving scheme Damaged status Not for loan Collection code Home library Current library Date acquired Source of acquisition Total Checkouts Barcode Date last seen Copy number Price effective from Koha item type
    Dewey Decimal Classification     Colección Infantil General Biblioteca Pública Metropolitana Salomé Ureña Biblioteca Pública Metropolitana Salomé Ureña 01/16/2017 Sellar   BPMSU17010058 01/16/2017 v. 1 01/16/2017 Libros
    Dewey Decimal Classification     Colección Infantil General Biblioteca Pública Metropolitana Salomé Ureña Biblioteca Pública Metropolitana Salomé Ureña 01/16/2017 Sellar   BPMSU17010059 01/16/2017 v. 2 01/16/2017 Libros